[Event "4NCL Division Four"]
[Site "Daventry, ENG"]
[Date "2022.11.05"]
[Round "1.123"]
[White "Jayawarna, Thisumi"]
[Black "Smith, Henry"]
[Result "0-1"]
[WhiteElo "1478"]
[BlackElo "1507"]
[PlyCount "62"]
[EventDate "2022.11.05"]
[WhiteTeam "She Plays To Win Lionesses"]
[BlackTeam "Barnet Knights D"]

{[%evp 0,58,23,13,46,59,82,37,32,27,58,-120,-131,-188,-150,-150,-107,-204,-191,
-189,-169,-353,-181,-187,-54,-61,-66,-61,-70,-67,2,20,20,19,65,85,80,52,58,-55,
134,154,208,212,214,127,183,130,97,30,0,-42,-44,-359,-363,-369,-375,-543,-550,
-562,-562]} 1. e4 c5 2. Nf3 e6 3. d4 cxd4 4. Nxd4 Qb6 5. c4 Bc5 6. Nb3 Bxf2+ 7.
Ke2 d5 8. Qd3 dxc4 9. Qxc4 Nc6 10. Na3 a6 11. Qd3 Bh4 12. Be3 Qd8 13. Qxd8+
Bxd8 14. Nc4 b5 15. Nd6+ Kf8 16. Rc1 Bd7 17. Nc5 Nb8 18. Rd1 Nf6 19. Bg5 Nc6
20. Bxf6 gxf6 21. Nxd7+ Ke7 22. Nc5 Bb6 23. Ndb7 Ne5 24. Nb3 Rac8 25. N7a5 Ng4
26. Rb1 Rc2+ 27. Kd1 Rhc8 28. Be2 Nf2+ 29. Ke1 Nxh1 30. Bf3 Nf2 31. h3 Nd3+ 0-1

[Event "4NCL Division Four"]
[Site "Daventry, ENG"]
[Date "2022.11.05"]
[Round "1.124"]
[White "Sanfey, Peter"]
[Black "Jayawarna, Tarini"]
[Result "0-1"]
[WhiteElo "1423"]
[BlackElo "1524"]
[PlyCount "48"]
[EventDate "2022.11.05"]
[WhiteTeam "Barnet Knights D"]
[BlackTeam "She Plays To Win Lionesses"]

{[%evp 0,48,20,16,22,-9,9,21,4,6,26,21,27,17,35,36,39,5,61,-11,-5,-29,-52,-52,
-46,-148,-140,-133,-137,-123,-133,-176,-190,-188,-185,-203,-161,-162,-135,-137,
-142,-501,-533,-546,-562,-1312,-1447,-1448,-653,-668,-672]} 1. Nf3 Nf6 2. g3 g6
3. Bg2 Bg7 4. O-O O-O 5. d4 d6 6. c4 Nc6 7. Nc3 a6 8. e4 Rb8 9. e5 dxe5 10.
dxe5 Ng4 11. Bf4 Ngxe5 12. Qe2 Nxf3+ 13. Qxf3 e5 14. Be3 Be6 15. Qe2 Nd4 16.
Bxd4 exd4 17. Rad1 c6 18. Ne4 Qa5 19. b3 Rfd8 20. Ng5 Qxg5 21. f4 Qc5 22. h4
d3+ 23. Qf2 Qxf2+ 24. Rxf2 Bd4 0-1

[Event "4NCL Division Four"]
[Site "Daventry, ENG"]
[Date "2022.11.05"]
[Round "1.125"]
[White "Acharya, Kandara"]
[Black "Lee, Xander"]
[Result "1-0"]
[WhiteElo "1502"]
[BlackElo "1227"]
[PlyCount "73"]
[EventDate "2022.11.05"]
[WhiteTeam "She Plays To Win Lionesses"]
[BlackTeam "Barnet Knights D"]

1. c4 e5 2. g3 Nf6 3. Bg2 Nc6 4. Nc3 Bc5 5. Nf3 d6 6. O-O Be6 7. d3 Qd7 8. Ng5
Bf5 9. a3 h6 10. Nge4 Nxe4 11. Nxe4 Bb6 12. b4 Bd4 13. Rb1 a6 14. Bb2 Bxb2 15.
Rxb2 O-O 16. Nc3 Bh3 17. e3 Bxg2 18. Kxg2 Ne7 19. Qf3 b5 20. Rd1 bxc4 21. dxc4
Qe6 22. Nd5 Rac8 23. Nxe7+ Qxe7 24. Qc6 Qf6 25. Rbd2 Rfd8 26. c5 Qe7 27. e4
dxc5 28. Rd7 Rxd7 29. Rxd7 Qe8 30. bxc5 Kh7 31. Qd5 f6 32. c6 Qf8 33. Qa5 h5
34. Rxc7 Rxc7 35. Qxc7 Qxa3 36. Qb7 Qa4 37. c7 1-0

[Event "4NCL Division Four"]
[Site "Daventry, ENG"]
[Date "2022.11.05"]
[Round "1.132"]
[White "Belur, Ankita"]
[Black "Jarvis, Derek A"]
[Result "0-1"]
[WhiteElo "1413"]
[BlackElo "1864"]
[PlyCount "49"]
[EventDate "2022.11.05"]
[WhiteTeam "She Plays to Win Young Stars"]
[BlackTeam "Ashfield 2"]

{[%evp 0,17,25,-3,-12,-15,-15,-11,-23,-47,-4,-26,-19,-12,-20,-13,-17,-13,0,-10]
} 1. c4 e5 2. Nc3 Nf6 3. Nf3 Nc6 4. g3 Bc5 5. Bg2 d6 6. O-O O-O 7. d3 h6 8. Be3
Nd4 9. Na4 Nxf3+ 10. Bxf3 Bd4 11. c5 Bxe3 12. fxe3 d5 13. Rc1 c6 14. b4 Bh3 15.
Re1 Ng4 16. Bxg4 Bxg4 17. Kg2 Qd7 18. Nc3 Kh8 19. a4 Bh3+ 20. Kh1 f5 21. Qd2 d4
22. exd4 exd4 23. Nd1 Qd5+ 24. e4 dxe3+ 25. Kg1 0-1

[Event "4NCL Division Four"]
[Site "Daventry, ENG"]
[Date "2022.11.05"]
[Round "1.133"]
[White "Flynn, David"]
[Black "Sengupta, Sohana"]
[Result "1-0"]
[WhiteElo "1854"]
[BlackElo "1353"]
[PlyCount "93"]
[EventDate "2022.11.05"]
[WhiteTeam "Ashfield 2"]
[BlackTeam "She Plays to Win Young Stars"]

1. e4 c5 2. Nc3 Nc6 3. Bb5 g6 4. Bxc6 bxc6 5. f4 Bg7 6. Nf3 d5 7. e5 Bf5 8. d3
f6 9. O-O Qc7 10. Qe2 Bg4 11. e6 Nh6 12. h3 Bxf3 13. Qxf3 Nf5 14. Ne2 Qd6 15.
g4 Nh6 16. f5 Qe5 17. d4 cxd4 18. Bf4 Qe4 19. Qxe4 dxe4 20. Nxd4 gxf5 21. Nxf5
Nxf5 22. gxf5 Rg8 23. Kf2 O-O-O 24. Rad1 Rd5 25. Rxd5 cxd5 26. Rg1 Kb7 27. c3
Kc6 28. b3 Kb6 29. Bd2 Kb5 30. Ke2 Kb6 31. Rg3 Kc6 32. Bh6 Kd6 33. Rxg7 Rxg7
34. Bxg7 Ke5 35. Bf8 Kxf5 36. Bxe7 Kxe6 37. Bc5 a6 38. Ke3 f5 39. Kf4 Kf6 40.
Bd4+ Ke6 41. b4 h6 42. a4 h5 43. b5 axb5 44. axb5 h4 45. b6 Kd7 46. Kxf5 Kd6
47. Kg4 1-0

[Event "4NCL Division Four"]
[Site "Daventry, ENG"]
[Date "2022.11.05"]
[Round "1.134"]
[White "Ashton, Alannah"]
[Black "Combie, Alex B"]
[Result "0-1"]
[WhiteElo "1281"]
[BlackElo "1881"]
[PlyCount "46"]
[EventDate "2022.11.05"]
[WhiteTeam "She Plays to Win Young Stars"]
[BlackTeam "Ashfield 2"]

1. e4 c5 2. Nf3 d6 3. d4 cxd4 4. Nxd4 Nf6 5. Nc3 a6 6. Bc4 e6 7. Bb3 b5 8. O-O
Be7 9. Re1 O-O 10. f4 Qc7 11. Kh1 Nc6 12. Nxc6 Qxc6 13. a3 Bb7 14. Qe2 Nd7 15.
f5 Nc5 16. Ba2 Bf6 17. fxe6 fxe6 18. Nd5 Nxe4 19. Nxf6+ Rxf6 20. Be3 Nf2+ 21.
Qxf2 Rxf2 22. Bxe6+ Kh8 23. Rg1 Rxg2 0-1

[Event "4NCL Division Four"]
[Site "Daventry, ENG"]
[Date "2022.11.05"]
[Round "1.135"]
[White "Levens, David G"]
[Black "Mouskos, Mia"]
[Result "0-1"]
[WhiteElo "1823"]
[BlackElo "1225"]
[PlyCount "120"]
[EventDate "2022.11.05"]
[WhiteTeam "Ashfield 2"]
[BlackTeam "She Plays to Win Young Stars"]

1. e4 e6 2. c4 d5 3. e5 c5 4. Nf3 Nc6 5. cxd5 exd5 6. Bb5 Qb6 7. Nc3 Nge7 8.
Qe2 Qc7 9. d4 Be6 10. dxc5 a6 11. Ba4 h6 12. O-O Ng6 13. b4 Be7 14. Re1 O-O 15.
Bb2 Rfd8 16. Qe3 d4 17. Nxd4 Nxd4 18. Ne4 Nc6 19. Nd6 Nxb4 20. Rac1 Bg5 21. Qe4
Bxc1 22. Rxc1 Nd5 23. Bc2 Qc6 24. Ba4 Qc7 25. g3 Nde7 26. f4 Bd5 27. Qd3 b5 28.
cxb6 Qxb6+ 29. Bd4 Qb4 30. Bc2 Rab8 31. h4 Rxd6 32. exd6 Qxd6 33. h5 Nf8 34.
Kh2 Nc6 35. Bc3 Qc5 36. Be1 Bc4 37. Qd2 Qxh5+ 38. Kg1 Bd5 39. Qh2 Qxh2+ 40.
Kxh2 Rb2 41. Bc3 Rb7 42. Bd3 Bxa2 43. Bxa6 Rb1 44. Rc2 Bd5 45. g4 Nb4 46. Rd2
Nxa6 47. Rxd5 Ne6 48. f5 Nf4 49. Rd8+ Kh7 50. Rd7 Rb3 51. Be5 Nd3 52. Bd4 Rb4
53. f6 gxf6 54. Rxf7+ Kg8 55. Rd7 Ne5 56. Rd8+ Kf7 57. Kg3 Ke7 58. Rd5 Ke6 59.
Rd8 Nc6 60. Ra8 Nc7 0-1

[Event "4NCL Division Four"]
[Site "Daventry, ENG"]
[Date "2022.11.05"]
[Round "1.141"]
[White "Burgess, Jasmine"]
[Black "Perchard, Matthew"]
[Result "0-1"]
[WhiteElo "1758"]
[BlackElo "1482"]
[PlyCount "68"]
[EventDate "2022.11.05"]
[WhiteTeam "She Plays To Win Uni"]
[BlackTeam "Celtic Tigers 3"]

1. e4 e6 2. d4 d5 3. Nc3 Bb4 4. Qg4 dxe4 5. Qxg7 Qf6 6. Bh6 Nd7 7. Qxf6 Ngxf6
8. Nge2 Nd5 9. O-O-O f5 10. g4 N7f6 11. gxf5 Ng4 12. Nxd5 exd5 13. Be3 Nxe3 14.
fxe3 Bxf5 15. c3 Be7 16. Ng3 Bg6 17. Bh3 O-O 18. Be6+ Bf7 19. Bf5 Kh8 20. Rdf1
Bg6 21. h4 Rf6 22. h5 Bxf5 23. Rxf5 Rxf5 24. Nxf5 Bg5 25. Kd2 h6 26. Nh4 Bxh4
27. Rxh4 Rf8 28. Rf4 Rxf4 29. exf4 Kg7 30. c4 c6 31. c5 Kf6 32. Ke3 Kf5 33. b4
Kg4 34. a4 a6 0-1

[Event "4NCL Division Four"]
[Site "Daventry, ENG"]
[Date "2022.11.05"]
[Round "1.142"]
[White "Rigby, Charles"]
[Black "Ivanov, Elizabeth"]
[Result "0-1"]
[WhiteElo "1454"]
[BlackElo "1605"]
[PlyCount "84"]
[EventDate "2022.11.05"]
[WhiteTeam "Celtic Tigers 3"]
[BlackTeam "She Plays To Win Uni"]

{[%evp 0,2,19,34,23]} 1. d4 e5 2. dxe5 Nc6 3. Nf3 Qe7 4. Nc3 Nxe5 5. Nxe5 Qxe5
6. g3 Bb4 7. Qd3 Bxc3+ 8. bxc3 Nf6 9. Bg2 d6 10. Rb1 O-O 11. Bf4 Qa5 12. O-O
Bf5 13. Qb5 Qxb5 14. Rxb5 Be4 15. a4 b6 16. c4 Bxg2 17. Kxg2 Ne4 18. Rb3 Rfe8
19. Re1 Re6 20. Bc1 a5 21. Bb2 Nc5 22. Bd4 Nxb3 23. cxb3 Rae8 24. e3 Re4 25.
Bc3 h5 26. Rd1 h4 27. Rd5 f6 28. Kf3 Kf7 29. Rd4 Rxd4 30. Bxd4 hxg3 31. hxg3
Rh8 32. Kg2 Kg6 33. Bc3 Kf5 34. b4 axb4 35. Bxb4 Ra8 36. a5 bxa5 37. Ba3 Rb8
38. c5 d5 39. Kf3 a4 40. c6 Rb3 41. Bc5 Rc3 42. Bd4 Rxc6 0-1

[Event "4NCL Division Four"]
[Site "Daventry, ENG"]
[Date "2022.11.05"]
[Round "1.143"]
[White "Ravi, Vash"]
[Black "Joyce, Brian"]
[Result "1-0"]
[WhiteElo "1576"]
[BlackElo "1350"]
[PlyCount "95"]
[EventDate "2022.11.05"]
[WhiteTeam "She Plays To Win Uni"]
[BlackTeam "Celtic Tigers 3"]

1. d4 g6 2. c4 d6 3. e4 Nf6 4. Nc3 c6 5. Bd3 Bg7 6. Bd2 Nbd7 7. f4 e5 8. fxe5
dxe5 9. d5 Nc5 10. Bc2 O-O 11. Nf3 Bg4 12. h3 Bxf3 13. Qxf3 h6 14. Rf1 Kh7 15.
O-O-O a5 16. Bxh6 Bxh6+ 17. Kb1 Bg7 18. dxc6 Qb6 19. cxb7 Qxb7 20. Rfe1 a4 21.
Nb5 Rfb8 22. h4 Kg8 23. g4 a3 24. b3 Rd8 25. Rxd8+ Rxd8 26. b4 Na6 27. g5 Nh5
28. Qxa3 Bf8 29. Qb2 Bg7 30. Re3 Rd2 31. a3 Nf4 32. Qc3 Qd7 33. c5 Rh2 34. c6
Qd2 35. Qxd2 Rxd2 36. c7 Nxc7 37. Nxc7 Ng2 38. Rd3 Rf2 39. b5 Bf8 40. b6 Bc5
41. b7 Ba7 42. Nb5 Bb8 43. Rd8+ Kg7 44. Rxb8 Rf1+ 45. Kb2 Nxh4 46. Ra8 Rg1 47.
b8=Q Rxg5 48. Qh8# 1-0

[Event "4NCL Division Four"]
[Site "Daventry, ENG"]
[Date "2022.11.05"]
[Round "1.151"]
[White "Mead-Herbert, Bradley"]
[Black "Nguyen, Anh"]
[Result "0-1"]
[WhiteElo "1560"]
[BlackElo "1744"]
[PlyCount "84"]
[EventDate "2022.11.05"]
[WhiteTeam "Watford B"]
[BlackTeam "Sussex Martlets 3"]

1. e4 c5 2. d4 cxd4 3. c3 d3 4. Bxd3 Nc6 5. f4 d5 6. e5 Qb6 7. Nf3 e6 8. Qe2
Bd7 9. b4 a5 10. Be3 Qc7 11. b5 Nd8 12. b6 Qc6 13. O-O Bc5 14. Ng5 Qxb6 15.
Bxc5 Qxc5+ 16. Kh1 g6 17. Nd2 a4 18. c4 h6 19. cxd5 hxg5 20. Ne4 Qe7 21. Nd6+
Kf8 22. fxg5 Qxg5 23. Rf3 Ne7 24. Raf1 Nf5 25. Bxf5 gxf5 26. dxe6 fxe6 27. Qd3
Ke7 28. Nxf5+ exf5 29. Qd6+ Ke8 30. e6 Bxe6 31. Qe5 Rf8 32. Re1 Qe7 33. g4 Nc6
34. Qb5 Ra5 35. Qb1 Bd5 36. Rxe7+ Nxe7 37. Kg2 fxg4 38. Kg3 gxf3 39. Kf2 Rg8
40. Qh7 Rg2+ 41. Ke3 f2 42. Qh5+ Ng6 0-1

[Event "4NCL Division Four"]
[Site "Daventry, ENG"]
[Date "2022.11.05"]
[Round "1.152"]
[White "Finn, Elizabeth"]
[Black "Nagesh, Poornima"]
[Result "1-0"]
[WhiteElo "1663"]
[BlackElo "1500"]
[PlyCount "81"]
[EventDate "2022.11.05"]
[WhiteTeam "Sussex Martlets 3"]
[BlackTeam "Watford B"]

{[%evp 0,21,28,27,13,-9,22,13,37,45,64,50,47,52,57,54,60,60,64,71,76,73,85,103]
} 1. d4 d5 2. c4 dxc4 3. e3 Nf6 4. Bxc4 Nc6 5. Nf3 e6 6. Nc3 Bb4 7. a3 Bxc3+ 8.
bxc3 O-O 9. O-O a6 10. Qc2 Re8 11. e4 b5 12. Bd3 e5 13. d5 Ne7 14. Nxe5 Qd6 15.
Nf3 Ng6 16. Bg5 Ng4 17. h3 N4e5 18. Nxe5 Rxe5 19. f4 Re8 20. f5 Re5 21. Be3 Ne7
22. Bf4 Qb6+ 23. Qf2 Qxf2+ 24. Rxf2 Rxd5 25. exd5 Nxd5 26. Be4 c6 27. Rd1 Bb7
28. Bxd5 cxd5 29. Re2 f6 30. Re7 Bc6 31. Rc7 g5 32. fxg6 hxg6 33. Rxc6 a5 34.
Rxf6 Kg7 35. Be5 Kh6 36. Rxd5 Kg5 37. Rdd6 Re8 38. Bf4+ Kh5 39. Rxg6 Rh8 40.
Rh6+ Rxh6 41. Rxh6# 1-0

[Event "4NCL Division Four"]
[Site "Daventry, ENG"]
[Date "2022.11.05"]
[Round "1.154"]
[White "Blades, Kit"]
[Black "Dairi, Mahmoud"]
[Result "1-0"]
[WhiteElo "1627"]
[BlackElo "1000"]
[PlyCount "61"]
[EventDate "2022.11.05"]
[WhiteTeam "Sussex Martlets 3"]
[BlackTeam "Watford B"]

{[%evp 0,6,23,12,48,-7,49,36,66]} 1. e4 c5 2. c3 g6 3. d4 cxd4 4. cxd4 Bg7 5.
Nf3 Nc6 6. Be3 e6 7. Nc3 d5 8. e5 Nge7 9. Bd3 Nf5 10. Bxf5 exf5 11. Qb3 Ne7 12.
O-O O-O 13. Bg5 Be6 14. Qxb7 f6 15. exf6 Bxf6 16. Rfe1 Qd7 17. Qxd7 Bxd7 18.
Bxf6 Rxf6 19. Rxe7 Be6 20. Re1 Bf7 21. Ng5 Rf8 22. Nxf7 R6xf7 23. Nxd5 Rxe7 24.
Nxe7+ Kf7 25. Nc6 a6 26. d5 Re8 27. Rxe8 Kxe8 28. f3 Kd7 29. Nb8+ Kd6 30. Nxa6
Kxd5 31. Kf2 1-0

[Event "4NCL Division Four"]
[Site "Daventry, ENG"]
[Date "2022.11.05"]
[Round "1.156"]
[White "Freeman, Luke"]
[Black "Balakrishnan, Akshata"]
[Result "1-0"]
[WhiteElo "1443"]
[BlackElo "859"]
[PlyCount "111"]
[EventDate "2022.11.05"]
[WhiteTeam "Sussex Martlets 3"]
[BlackTeam "Watford B"]

1. e4 e5 2. Nf3 Nc6 3. Bc4 Bc5 4. c3 d6 5. d4 Bb6 6. dxe5 dxe5 7. Qxd8+ Nxd8 8.
Nxe5 Nf6 9. Bg5 O-O 10. f3 h6 11. Bxf6 gxf6 12. Nd3 Nc6 13. b4 a5 14. b5 Ne5
15. Nxe5 fxe5 16. a4 Be6 17. Bxe6 fxe6 18. Nd2 Rad8 19. Nc4 Bc5 20. Nxe5 Be3
21. Nc4 Bg5 22. Ke2 Bf6 23. e5 Be7 24. Rad1 Rxd1 25. Rxd1 Bg5 26. Rd7 Bf4 27.
g3 Bg5 28. f4 Bd8 29. Nxa5 b6 30. Nc6 Bf6 31. exf6 Rxf6 32. Rxc7 Rf5 33. Ne5 h5
34. Rc6 Kg7 35. Rxb6 h4 36. a5 hxg3 37. hxg3 Rf8 38. Rb7+ Kh6 39. b6 Ra8 40.
Ra7 Rb8 41. b7 Kg7 42. Nd7 Rd8 43. b8=Q Rxb8 44. Nxb8+ Kf6 45. Re7 Kxe7 46. a6
Kd6 47. a7 Kc7 48. a8=Q Kd6 49. Nd7 Kxd7 50. Kd3 Kc7 51. Kd4 Kd6 52. Qa3+ Kd7
53. Ke5 Kd8 54. Qa7 Ke8 55. Kxe6 Kf8 56. Qf7# 1-0

[Event "4NCL Division Four"]
[Site "Daventry, ENG"]
[Date "2022.11.05"]
[Round "1.161"]
[White "Robson, Ian A"]
[Black "David, Barry A H"]
[Result "1-0"]
[WhiteElo "2178"]
[BlackElo "1685"]
[PlyCount "57"]
[EventDate "2022.11.05"]
[WhiteTeam "Wotton Hall"]
[BlackTeam "Deaf England"]

1. e4 e6 2. d4 d5 3. Nd2 c5 4. Ngf3 Nc6 5. exd5 exd5 6. Be2 cxd4 7. O-O Nf6 8.
Nb3 Bd6 9. Nbxd4 O-O 10. Bg5 h6 11. Bh4 Be6 12. Re1 g5 13. Bg3 Bxg3 14. hxg3
Ne4 15. Bd3 Nxd4 16. Nxd4 Qf6 17. Bxe4 dxe4 18. Rxe4 Rad8 19. c3 Qg6 20. Re5
Qf6 21. Qe2 Bc4 22. Qe3 Qb6 23. b3 f6 24. Re7 Bd5 25. Re1 Bf7 26. Nf5 Qxe3 27.
R1xe3 Rd2 28. Rxb7 Rxa2 29. Ree7 1-0

[Event "4NCL Division Four"]
[Site "Daventry, ENG"]
[Date "2022.11.05"]
[Round "1.162"]
[White "Ajimal, Jet"]
[Black "Ashworth, Michael"]
[Result "0-1"]
[WhiteElo "1660"]
[BlackElo "2173"]
[PlyCount "82"]
[EventDate "2022.11.05"]
[WhiteTeam "Deaf England"]
[BlackTeam "Wotton Hall"]

1. e4 c5 2. Nf3 g6 3. d4 cxd4 4. Nxd4 Nc6 5. Nc3 Bg7 6. Be3 Nf6 7. f3 O-O 8.
Bc4 a5 9. Bb3 d5 10. Nxd5 Nxd5 11. Bxd5 Nxd4 12. Bxd4 Bxd4 13. Qxd4 e6 14.
O-O-O Qg5+ 15. Qd2 Qxd2+ 16. Rxd2 exd5 17. exd5 Re8 18. Kd1 b5 19. Re1 Bb7 20.
c3 Rxe1+ 21. Kxe1 Rd8 22. d6 f5 23. b3 Kf7 24. c4 b4 25. Kd1 Ke6 26. c5 Kd7 27.
Ke2 Kc6 28. Rc2 Re8+ 29. Kd3 Re5 30. Kd4 Rd5+ 31. Ke3 Bc8 32. Kf4 Rxc5 33.
Rxc5+ Kxc5 34. Ke5 Kc6 35. h4 Kc5 36. f4 Kc6 37. g3 Kc5 38. Kf6 Kxd6 39. Kg7
Ke7 40. Kxh7 Kf7 41. Kh6 Bb7 0-1

[Event "4NCL Division Four"]
[Site "Daventry, ENG"]
[Date "2022.11.05"]
[Round "1.163"]
[White "Ashworth, Robert"]
[Black "Freund, Michael P"]
[Result "1-0"]
[WhiteElo "1879"]
[BlackElo "1632"]
[PlyCount "101"]
[EventDate "2022.11.05"]
[WhiteTeam "Wotton Hall"]
[BlackTeam "Deaf England"]

1. e4 e6 2. d4 d5 3. Nd2 dxe4 4. Nxe4 Bd7 5. Bd3 Bc6 6. c3 Nd7 7. Ne2 Ngf6 8.
N2g3 Be7 9. O-O O-O 10. Re1 Nxe4 11. Bxe4 Bxe4 12. Nxe4 Nf6 13. Bf4 Nxe4 14.
Rxe4 Bd6 15. Qe2 Bxf4 16. Rxf4 Qd6 17. Re4 Rad8 18. a4 c5 19. Qb5 cxd4 20. Rxd4
Qc7 21. Rad1 Rxd4 22. Rxd4 Rd8 23. g3 b6 24. Qa6 Qe7 25. Qb7 Kf8 26. Qxe7+ Kxe7
27. Rxd8 Kxd8 28. Kg2 Kd7 29. Kf3 Kd6 30. Ke4 g5 31. g4 f6 32. h3 Kc5 33. b3 a5
34. f3 h6 35. Kd3 f5 36. Ke3 Kd5 37. f4 fxg4 38. hxg4 gxf4+ 39. Kxf4 Kd6 40.
Ke4 Ke7 41. Ke5 Kf7 42. b4 Kg6 43. bxa5 bxa5 44. Kxe6 Kg5 45. c4 Kxg4 46. c5 h5
47. c6 h4 48. c7 h3 49. c8=Q Kg3 50. Qc3+ Kg2 51. Qxa5 1-0

[Event "4NCL Division Four"]
[Site "Warwick, ENG"]
[Date "2023.04.30"]
[Round "10.11"]
[White "Garcia Hernandez, Oscar"]
[Black "Onley, David E"]
[Result "1-0"]
[WhiteElo "2072"]
[BlackElo "2174"]
[PlyCount "109"]
[EventDate "2023.04.30"]
[WhiteTeam "Poole Patzers"]
[BlackTeam "War and Piece A"]

1. e4 e6 2. d4 d5 3. Nd2 Nc6 4. Ngf3 Nf6 5. e5 Nd7 6. c3 f6 7. Bb5 a6 8. Bxc6
bxc6 9. O-O f5 10. Qa4 Nb6 11. Qa5 Be7 12. b3 O-O 13. Ba3 Bd7 14. Bxe7 Qxe7 15.
Qc5 Qf7 16. a4 f4 17. c4 h6 18. Rfe1 a5 19. b4 dxc4 20. bxa5 Nd5 21. Qxc4 Rxa5
22. Nb3 Ra7 23. Nc5 Rfa8 24. Nd2 Be8 25. Ra3 Qe7 26. Rea1 Bg6 27. a5 Bf5 28. a6
Qf7 29. Rb3 Nb6 30. Qc1 Rd8 31. Nf3 g5 32. Nb7 Rda8 33. Nd6 Qf8 34. Nxf5 Qxf5
35. Rba3 Qe4 36. h3 Qd5 37. Qb1 Kg7 38. Qb4 Kf7 39. Qb1 Kg7 40. Ra5 Qd7 41. Qe4
Nd5 42. h4 Qd8 43. hxg5 hxg5 44. R1a3 g4 45. Nh2 Qg5 46. Nxg4 Rh8 47. Rh3 Rxh3
48. gxh3 Ne7 49. Kh2 Nd5 50. Ra1 Qh4 51. Qb1 Ra8 52. a7 Rh8 53. Qf1 Qxg4 54.
a8=Q Kh6 55. Qg2 1-0

[Event "4NCL Division Four"]
[Site "Warwick, ENG"]
[Date "2023.04.30"]
[Round "10.12"]
[White "Tenin, Aleksander"]
[Black "Weatherlake, John P"]
[Result "1/2-1/2"]
[WhiteElo "2072"]
[BlackElo "2032"]
[PlyCount "118"]
[EventDate "2023.04.30"]
[WhiteTeam "War and Piece A"]
[BlackTeam "Poole Patzers"]

1. e4 c5 2. Nf3 e6 3. Nc3 Nc6 4. d4 cxd4 5. Nxd4 Nf6 6. Bg5 h6 7. Bh4 Bb4 8.
Ndb5 g5 9. Bg3 Nxe4 10. Qf3 Nxg3 11. Qxg3 O-O 12. h4 a6 13. Nd6 f5 14. O-O-O
Bxd6 15. Rxd6 Qe7 16. Na4 b5 17. Nb6 Ra7 18. Kb1 f4 19. Qd3 Ne5 20. Qd1 Nf7 21.
Rd4 Qc5 22. Nxc8 Rxc8 23. hxg5 hxg5 24. Rd2 d6 25. Qh5 Kf8 26. Qg6 Qf5 27. Qxf5
exf5 28. Bd3 Rc5 29. Re2 Re7 30. Rxe7 Kxe7 31. a4 Kf6 32. axb5 axb5 33. Ka2 Kg6
34. Kb3 Ne5 35. Be2 Rd5 36. Rd1 Rxd1 37. Bxd1 Nc6 38. c3 g4 39. Be2 b4 40. Bb5
Ne5 41. Kxb4 g3 42. fxg3 fxg3 43. c4 f4 44. c5 dxc5+ 45. Kxc5 f3 46. Bf1 Kg5
47. Kd5 Kf4 48. gxf3 Nd3 49. b3 Ke3 50. b4 Nxb4+ 51. Ke5 Kxf3 52. Kf5 Kf2 53.
Bh3 Kg1 54. Ke4 Kh2 55. Bf1 Nc2 56. Kd3 Ne1+ 57. Ke2 Ng2 58. Kf3 Nh4+ 59. Kg4
g2 1/2-1/2

[Event "4NCL Division Four"]
[Site "Warwick, ENG"]
[Date "2023.04.30"]
[Round "10.13"]
[White "Stanciu, Ciprian"]
[Black "Nawalaniec, Adam"]
[Result "0-1"]
[WhiteElo "1998"]
[BlackElo "2099"]
[PlyCount "54"]
[EventDate "2023.04.30"]
[WhiteTeam "Poole Patzers"]
[BlackTeam "War and Piece A"]

1. d4 Nf6 2. Nf3 c5 3. c3 d5 4. Bf4 e6 5. e3 Nc6 6. h3 Bd6 7. Bxd6 Qxd6 8. Nbd2
O-O 9. Be2 Ne4 10. Nxe4 dxe4 11. Nd2 f5 12. Nb3 cxd4 13. Nxd4 Ne5 14. Qc2 Bd7
15. Rd1 Qe7 16. Qb3 b6 17. O-O Rae8 18. Bh5 Rd8 19. Be2 Kh8 20. Bc4 Rde8 21.
Nb5 Rc8 22. Be2 Bc6 23. Rd4 Nf3+ 24. Bxf3 exf3 25. g3 e5 26. Ra4 f4 27. exf4
Qd7 0-1

[Event "4NCL Division Four"]
[Site "Warwick, ENG"]
[Date "2023.04.30"]
[Round "10.14"]
[White "Thurlow, Kevin J"]
[Black "Smith, Richard"]
[Result "1/2-1/2"]
[WhiteElo "2009"]
[BlackElo "1921"]
[PlyCount "46"]
[EventDate "2023.04.30"]
[WhiteTeam "War and Piece A"]
[BlackTeam "Poole Patzers"]

1. c4 Nf6 2. Nc3 g6 3. d4 c5 4. d5 Bg7 5. e4 d6 6. Bd3 O-O 7. f4 e6 8. Nf3 exd5
9. cxd5 b5 10. Bxb5 Nxe4 11. Nxe4 Qa5+ 12. Nc3 Bxc3+ 13. bxc3 Qxb5 14. Qb3 Re8+
15. Kf2 Re2+ 16. Kg3 Qd7 17. h3 c4 18. Qd1 Re7 19. Qd4 Qf5 20. Re1 Rxe1 21.
Nxe1 Nd7 22. Qxc4 Bb7 23. Qd3 Qxd5 1/2-1/2

[Event "4NCL Division Four"]
[Site "Warwick, ENG"]
[Date "2023.04.30"]
[Round "10.15"]
[White "Clancy, Martin J"]
[Black "Tucker, David S"]
[Result "1/2-1/2"]
[WhiteElo "1812"]
[BlackElo "2000"]
[PlyCount "43"]
[EventDate "2023.04.30"]
[WhiteTeam "Poole Patzers"]
[BlackTeam "War and Piece A"]

1. e4 c5 2. Nf3 Nc6 3. d4 cxd4 4. Nxd4 g6 5. c4 Bg7 6. Be3 Nf6 7. Nc3 Ng4 8.
Nxc6 Nxe3 9. Nxd8 Nxd1 10. Nxd1 Kxd8 11. Rc1 b6 12. Bd3 d6 13. O-O Be6 14. Rc2
Rc8 15. Ne3 Kd7 16. h4 Rc7 17. Nd5 Bxd5 18. exd5 e6 19. Re2 Re8 20. c5 Ra8 21.
cxd6 Kxd6 22. dxe6 1/2-1/2

[Event "4NCL Division Four"]
[Site "Warwick, ENG"]
[Date "2023.04.30"]
[Round "10.16"]
[White "Dray-Pearce, Tristan"]
[Black "O'neill, Martin"]
[Result "0-1"]
[WhiteElo "1766"]
[BlackElo "1832"]
[PlyCount "88"]
[EventDate "2023.04.30"]
[WhiteTeam "War and Piece A"]
[BlackTeam "Poole Patzers"]

1. d4 Nf6 2. Nc3 g6 3. Bf4 d6 4. e4 Bg7 5. Qd2 c6 6. Bh6 O-O 7. h4 b5 8. Bxg7
Kxg7 9. a3 e6 10. h5 e5 11. hxg6 fxg6 12. O-O-O Qe7 13. d5 c5 14. Bxb5 Nbd7 15.
Bxd7 Qxd7 16. Qh6+ Kg8 17. f3 Rb8 18. Nh3 Qb7 19. Kd2 Bxh3 20. Qxh3 Rfe8 21. a4
a6 22. Qh4 Nh5 23. a5 Nf4 24. g3 Nh5 25. Qg5 Qg7 26. Na4 Rf8 27. Rdf1 Rb4 28.
Nb6 Rxb2 29. Nc4 Rb5 30. Nxd6 Rxa5 31. Nc4 Ra4 32. Nxe5 Nf6 33. Ra1 Rxe4 34.
Rxa6 Rd4+ 35. Ke2 Rxd5 36. Rha1 Nd7 37. Nxd7 Re8+ 38. Kf2 Rxg5 39. Nf6+ Kf8 40.
Nxe8 Qd4+ 41. Kg2 Qd2+ 42. Kf1 Rh5 43. Kg1 Rh2 44. Rf6+ Kxe8 0-1

[Event "4NCL Division Four"]
[Site "Warwick, ENG"]
[Date "2023.04.30"]
[Round "10.21"]
[White "Pink, Joshua"]
[Black "Geue, Niklas"]
[Result "0-1"]
[WhiteElo "1901"]
[BlackElo "2142"]
[PlyCount "50"]
[EventDate "2023.04.30"]
[WhiteTeam "Coventry"]
[BlackTeam "Average Wood Pushers A"]

1. d4 Nf6 2. c4 e6 3. Nc3 Bb4 4. f3 c5 5. d5 b5 6. e4 O-O 7. e5 Ne8 8. f4 Bb7
9. Nf3 Bxc3+ 10. bxc3 Qa5 11. Qc2 exd5 12. Ng5 f5 13. cxb5 Nc7 14. Bd3 Ne6 15.
Bxf5 Rxf5 16. Qxf5 Qxc3+ 17. Kd1 Qd4+ 18. Kc2 Nxg5 19. fxg5 Nc6 20. bxc6 Bxc6
21. Bb2 Ba4+ 22. Kc1 Qe3+ 23. Kb1 Rf8 24. Bc1 Rb8+ 25. Bb2 Qe2 0-1

[Event "4NCL Division Four"]
[Site "Warwick, ENG"]
[Date "2023.04.30"]
[Round "10.22"]
[White "Rawlinson, Aidan M"]
[Black "Ireland, David J"]
[Result "1-0"]
[WhiteElo "2180"]
[BlackElo "1932"]
[PlyCount "67"]
[EventDate "2023.04.30"]
[WhiteTeam "Average Wood Pushers A"]
[BlackTeam "Coventry"]

1. d4 Nf6 2. c4 c5 3. d5 b5 4. cxb5 a6 5. bxa6 g6 6. Nc3 Bxa6 7. e4 Bxf1 8.
Kxf1 d6 9. Nf3 Nbd7 10. g3 Bg7 11. Kg2 Ng4 12. a4 O-O 13. h3 Nge5 14. Nxe5 Nxe5
15. Qe2 c4 16. Bd2 Qb6 17. Rhb1 Qb3 18. Ra3 Qc2 19. Ra2 Qb3 20. Ra3 Qc2 21. b4
cxb3 22. Raxb3 Nd3 23. Be3 Qxe2 24. Nxe2 Nc5 25. Bxc5 dxc5 26. Ra3 Ra5 27. Rb7
Re8 28. Nf4 c4 29. Rc7 c3 30. Ne2 Rea8 31. Nxc3 Bxc3 32. Raxc3 f5 33. exf5 Rxd5
34. fxg6 1-0